Loading...
| Any History | 13 | 20.00 | 92% | 100% | 8% |
| Current Events | 3 | 13.33 | 100% | 33% | 0% |
| Fine Arts - Classical Music | 10 | 19.00 | 100% | 90% | 0% |
| Fine Arts - Other | 9 | 17.78 | 100% | 56% | 22% |
| Geography | 8 | 17.50 | 100% | 75% | 0% |
| History - American | 13 | 19.23 | 92% | 69% | 31% |
| History - European | 12 | 15.83 | 100% | 50% | 8% |
| History - World | 6 | 15.00 | 100% | 50% | 0% |
| Literature - American | 10 | 20.00 | 90% | 100% | 10% |
| Literature - British | 8 | 18.75 | 100% | 75% | 13% |
| Literature - European | 10 | 20.00 | 100% | 90% | 10% |
| Literature - World | 11 | 20.00 | 100% | 82% | 18% |
| Mythology | 6 | 21.67 | 100% | 50% | 67% |
| Other Academic | 4 | 17.50 | 100% | 50% | 25% |
| Painting & Sculpture | 12 | 19.17 | 92% | 75% | 25% |
| Philosophy | 9 | 21.11 | 100% | 89% | 22% |
| Religion | 11 | 15.45 | 91% | 36% | 27% |
| Science - Biology | 5 | 18.00 | 100% | 60% | 20% |
| Science - Chemistry | 9 | 24.44 | 100% | 89% | 56% |
| Science - Other | 7 | 15.71 | 100% | 57% | 0% |
| Science - Physics | 9 | 20.00 | 89% | 78% | 33% |
| Social Science | 14 | 14.29 | 93% | 50% | 0% |